000 01196nam a2200265 i 4500
001 47789
003 ES-MaACL
005 20250714164008.0
007 t|
008 030131s1903 fr acf |||| |bfre d
100 1 _aBatilliat, Marcel.
_926427
245 1 0 _aPaul Adam
_b: biographie illustrée de portraits, caricatures, autographes ; suivie de divers fragments de critique et d'un essai de bibliographie... /
_cpar Marcel Batilliat ; portrait-frontispice de Jacques Blanche ; têtes de pages, lettres ornées et culs-de-lampe d'Orazi.
260 _aParis :
_bBibliothèque Internationale d'éditiont,
_c1903.
300 _a35 p., [2] h. de lám. :
_bil. ;
_c18 cm.
490 1 _aLes célébrités d'aujourd'hui
530 _aDisponible en formato digital.
600 1 4 _aAdam, Paul.
_918367
700 1 _aBlanche, Jacques-Emile.
_929149
700 1 _aOrazi, Manuel (
_d1860-1934)
_9148391
830 0 _aLes célébrités d'aujourd'hui
_9180788
852 _aES-MaACL
_jD-748(2)
_zRevisado enlace: 14 de julio de 2025
_cSVI
_x Encuadernada con otras obras
856 4 _uhttps://archive.org/details/pauladamportrait00batiuoft
_yInternet Archive
942 _2udc
999 _c47789
_d47789